Azul y frío : (Record no. 2040)

000 -CABECERA
fixed length control field 00853nam a22002417a 4500
003 - IDENTIFICADOR DEL NÚMERO DE CONTROL
control field AR-CdUCM
008 - DATOS DE LONGITUD FIJA--INFORMACIÓN GENERAL
fixed length control field 190228b ||||| |||| 00| 0 esp d
020 ## - NÚMERO INTERNACIONAL ESTÁNDAR DEL LIBRO
ISBN ISBN
040 ## - FUENTE DE LA CATALOGACIÓN
Agencia/entidad que catalogó originalmente la obra MUNICIPALIDAD PROVINCIAL DEL CUSCO
Entidad que transcribió la catalogación BIBLIOTECA MUNICIPAL DEL CUSCO
082 ## - NÚMERO DE LA CLASIFICACIÓN DECIMAL DEWEY
No. de Clasificación 869.56 /
Notacion interna Z69
100 ## - ENTRADA PRINCIPAL--NOMBRE DE PERSONA
Nombre Personal Zilbert, Omar
245 ## - MENCIÓN DE TÍTULO
Título Azul y frío :
Resto del título poesía de niños y adolescentes /
Mención de responsabilidad Omar Zilbert ; dibujos de Héctor Bejar R.
260 ## - PUBLICACIÓN, DISTRIBUCIÓN, ETC.
Lugar de publicación, distribución, etc. Lima ;
Nombre de la editorial, distribuidor, etc. Simiente,
Fecha de publicación, distribución, etc. 1959.
300 ## - DESCRIPCIÓN FÍSICA
Nº de Páginas Extensión 124 paginas ;
Dimensiones 22 cm.
505 ## - NOTA DE CONTENIDO CON FORMATO
Nota de contenido formateada Conversación segunda -- Niños en la noche -- Magia ...
650 ## - PUNTO DE ACCESO ADICIONAL DE MATERIA--TÉRMINO DE MATERIA
Descriptor Poesías peruanas
9 (RLIN) 1481
650 ## - PUNTO DE ACCESO ADICIONAL DE MATERIA--TÉRMINO DE MATERIA
Descriptor Poesías infantiles peruanas.
9 (RLIN) 5425
650 ## - PUNTO DE ACCESO ADICIONAL DE MATERIA--TÉRMINO DE MATERIA
Descriptor Poesía contemporánea
9 (RLIN) 3298
650 ## - PUNTO DE ACCESO ADICIONAL DE MATERIA--TÉRMINO DE MATERIA
Descriptor Siglo XX - Poesía - Perú
9 (RLIN) 7396
700 ## - PUNTO DE ACCESO ADICIONAL--NOMBRE DE PERSONA
Nombre Personal Béjar Rivera, Héctor,
9 (RLIN) 1353
942 ## - ELEMENTOS DE PUNTO DE ACCESO ADICIONAL (KOHA)
Fuente de clasificación
Tipo de item Libros-BMC
945 ## - PROCESAMIENTO DE INFORMACIÓN LOCAL (OCLC)
Catalogador acrt
AAAA-MM-DD - Fecha de ingreso o modificacion 2019-02-28
Holdings
Estado de retiro (separado) Fuente de clasificación o esquema de estanterías Estado dañado Ubicación Sala donde se ubica Nombre de la colección Fecha de adquisición o compra Costo, precio normal en soles Signatura topográfica Código de Barras Última vez visto (Koha) Tipo de ítem (Koha) Número de Ejemplar
No     Sala Humanidades Sala Humanidades Book Cart 2019-02-28 20.00 869.56 / Z69 SH0000001890 2019-02-28 Libros-BMC  
No     Sala Humanidades Sala Humanidades Book Cart 2019-03-11 20.00 869.56 / Z69 / e.2 SH0000004911 2019-03-11 Libros-BMC 2 ej.

Powered by Koha